[Event "Treviso op-D 1st"]
[Site "Treviso"]
[Date "2017.03.19"]
[Round "4.10"]
[White "Santomaso, Simone"]
[Black "De Simon, Maurizio"]
[Result "1-0"]
[WhiteElo "1373"]
[BlackElo "1451"]
[PlyCount "111"]
[EventDate "2017.03.17"]
[EventType "swiss"]
[EventRounds "5"]
[EventCountry "ITA"]
[SourceTitle "EXT 2024"]
[Source "ChessBase"]
[SourceDate "2023.10.10"]
[SourceVersion "1"]
[SourceVersionDate "2023.10.10"]
[SourceQuality "1"]

1. d4 e6 2. e4 Nc6 3. Nf3 g6 4. Nc3 Bg7 5. Be3 Nf6 6. Bd3 0-0 7. h3 d6 8. Qd2 Nb4 9. a3 Nxd3+ 10. Qxd3 b6 11. 0-0 Bb7 12. Rad1 Rc8 13. b3 Re8 14. Rfe1 Qe7 15. Bc1 Red8 16. Re2 c5 17. d5 e5 18. Ree1 Qd7 19. a4 a6 20. Bd2 Rc7 21. Be3 Rdc8 22. Nd2 Nh5 23. Ne2 b5 24. axb5 axb5 25. c4 bxc4 26. bxc4 Ba6 27. Ra1 Bb7 28. Ra3 Ra8 29. Rxa8+ Bxa8 30. Qb3 Rb7 31. Qd3 Qa4 32. Nc3 Qd7 33. Ne2 Rb4 34. Rb1 Rxb1+ 35. Qxb1 Qc7 36. f3 Bb7 37. Kf2 Bc8 38. Ng3 Nf6 39. Qb5 Bd7 40. Qb3 Qc8 41. Nb1 Ne8 42. Nc3 h5 43. Nf1 f5 44. Bg5 Nf6 45. Nd2 Nh7 46. Be7 Nf8 47. Bxd6 f4 48. Na4 Bxa4 49. Qxa4 Nd7 50. Qc6 Qd8 51. Nb3 Bf8 52. Bxf8 Nxf8 53. Qxc5 Qb8 54. Qb5 Qa7+ 55. Kf1 Qe3 56. c5 1-0